Poistenie s cieľom znižovania rizika vo finančnom plánovaní

Salvato in:
Dettagli Bibliografici
Autore principale: Andrejkovič, Marek
Natura: Capitolo di libro
Lingua:slovacco
Tags: Aggiungi Tag
Nessun Tag, puoi essere il primo ad aggiungerne!!

MARC

LEADER 00000nla a2200000 4500
001 0199372
005 20240605120804.2
041 0 |a slo 
044 |a SK 
245 1 0 |a Poistenie s cieľom znižovania rizika vo finančnom plánovaní  |c Marek Andrejkovič 
500 |a Abstrakt 
100 1 |a Andrejkovič, Marek